Statistics for Countries with 10 Letters in its name.

Click here to take the quiz!

General Stats

  • This quiz has been taken 54 times
  • The average score is 16 of 19

Answer Stats

HintAnswer% Correct
AsiaKazakhstan
91%
AsiaSouth Korea
91%
AsiaUzbekistan
91%
EuropeLuxembourg
88%
AfricaMauritania
88%
AsiaNorth Korea
88%
AsiaKyrgyzstan
85%
AfricaMadagascar
85%
OceaniaNew Zealand
85%
AsiaTajikistan
85%
AsiaAzerbaijan
82%
North AmericaEl Salvador
82%
AfricaMozambique
79%
AfricaSouth Sudan
79%
AsiaBangladesh
76%
EuropeMontenegro
73%
North AmericaSaint lucia
73%
AfricaSeychelles
73%
AsiaTimor Leste
67%

Score Distribution

Percentile by Number Answered

Percent of People with Each Score

Your Score History

You have not taken this quiz